00999nam a22002055i 4500001000700000003000900007005001700016007000300033008004100036040002700077080002300104100003100127245027000158260016600428300002600594500004800620510004500668650005400713852002600767103076ES-MaACL20230906183249.0t|060110s1785 sp ||||1| spa d aCAT bspa cCAT dCCPB a616.912-084.47"17"1 aMenós y de Llena, Jaime.10aMemoria contra la inoculacion b: sacada de las dudas i disputas entre los autores excitadas a cerca la utilidad o daños causados por la inoculacion de las viruelas y comprobada por el desengaño / cque da al público el doctor don Jaime Menós i de Llena ... aManresa : bpor Ignacio Abadal ..., i se hallará en Madrid en la libreria de Valentin Francès Caballero ..., Barcelona en la de Francisco Ribas ...,c[1785?] a52 p. ; c4º (21 cm) aFecha de la licencia: 27 Noviembre de 1785.4 aPalau 164.591 o 164.592, Torres Amat 41514aViruela-xVacunación-vObras anteriores a 1800. aES-MaACLjR-3431(14)